000 00363nam a2200145Ia 4500
008 230711s9999||||xx |||||||||||||| ||und||
041 _aENG
082 _a621
_bWI-N
100 _aWilson,M.A
245 0 _aNMR techniques and applications
250 _a1st Ed.
260 _c1987
_aNew Delhi
_bOxford & IBH Publishing Co.Pvt.Ltd.
650 _aChemistry
942 _cBK
999 _c949
_d949